[Event "THA-ch"]
[Site "Bangkok"]
[Date "2015.11.08"]
[Round "5"]
[White "Thassanamethin, Methavee"]
[Black "Janset, Pakpoom"]
[Result "1/2-1/2"]
[WhiteElo "1582"]
[BlackElo "1405"]
[PlyCount "60"]
[EventDate "2015.11.06"]
[EventType "swiss"]
[EventRounds "9"]
[EventCountry "THA"]
[SourceTitle "CBM 169 Extra"]
[Source "ChessBase"]
[SourceDate "2015.12.18"]
[SourceVersion "1"]
[SourceVersionDate "2015.12.18"]
[SourceQuality "1"]

1. e4 c5 2. Nf3 d6 3. Bd3 Nf6 4. c3 Nc6 5. Bc2 g6 6. 0-0 Bg7 7. d4 cxd4 8. cxd4 Bg4 9. Be3 0-0 10. h3 Bxf3 11. Qxf3 Rc8 12. Nc3 a6 13. Bb3 Na5 14. Bc2 Nc4 15. Rab1 e6 16. Rfd1 Nxb2 17. Rxb2 Rxc3 18. Bb3 b5 19. Rc1 b4 20. Rbc2 Qa5 21. Rxc3 bxc3 22. Bf4 e5 23. dxe5 dxe5 24. Bg5 Qb6 25. Rxc3 Qb4 26. Re3 Qd6 27. Qe2 Qc6 28. Qf3 Qd6 29. Qe2 Qb6 30. Qf3 Qd6 1/2-1/2

[Event "THA-ch"]
[Site "Bangkok"]
[Date "2015.11.06"]
[Round "2"]
[White "Janset, Pakpoom"]
[Black "Kulpruethanon, Thanadon"]
[Result "0-1"]
[WhiteElo "1405"]
[BlackElo "2206"]
[PlyCount "58"]
[EventDate "2015.11.06"]
[EventType "swiss"]
[EventRounds "9"]
[EventCountry "THA"]
[SourceTitle "CBM 169 Extra"]
[Source "ChessBase"]
[SourceDate "2015.12.18"]
[SourceVersion "1"]
[SourceVersionDate "2015.12.18"]
[SourceQuality "1"]

1. d4 d5 2. c4 c6 3. cxd5 cxd5 4. Nf3 Nc6 5. e3 Nf6 6. Be2 Bf5 7. Nc3 e6 8. 0-0 Be7 9. b3 h6 10. Bb2 0-0 11. Rc1 Rc8 12. h3 a6 13. a4 Qb6 14. Re1 Na5 15. Ra1 Qxb3 16. Qxb3 Nxb3 17. Ra2 Bb4 18. Ba3 Bxc3 19. Bxf8 Bxe1 20. Bxg7 Bxf2+ 21. Kxf2 Ne4+ 22. Kg1 Kxg7 23. Rb2 Rc3 24. g4 Bg6 25. Bd1 Na5 26. Re2 Nc4 27. Ne5 Nxe5 28. dxe5 Rc1 29. Re1 Nc3 0-1